01016nam a2200205 a 4500001001000000005001700010008004100027041000800068044000800076084002100084100003500105245023500140260006300375300003600438500002400474500014000498650007100638650005800709700004300767BRCA_879320190320210419.0190417s1785----sp-#######---#000-0#spa-# alat aspa aBE173b.V55 17851 aVillanuño, Mathie de (O.S.B)10aSumma Conciliorum Hispaniebquotquot inveniri potuerunt ad usque saeculum prosimé praeteritum, epistolarum ad hispanos cum earum delectu, notis novisque dissertattionibus adornatacopera et studio P.M.F. Mathie de Villanuño... aMatritibApub Joachimum Ibarrada, S.C.R.M. Typographc1785 aVI, 495 p. (t.2)c20.5 x 15 cm. aSuperiorum permissu aEstado físico: presenta encuadernación en pergamino, con cintas rotas, algunas hojas manchadas y con una firma en el canto superior14aConcilios y sínodosxHistoriayObras anteriores a 1800zEspaña14aHistoria religiosayObras abteriores a 1800zEspaña1 aIbarra, Joaquind1725 - 1785eImpresor